[Event "Poronin op"]
[Site "Poronin"]
[Date "2023.01.06"]
[Round "2"]
[White "Bandyk, Wladyslaw"]
[Black "Paszkowski, Krystian"]
[Result "0-1"]
[WhiteElo "1442"]
[BlackElo "2017"]
[PlyCount "64"]
[EventDate "2023.01.06"]
[EventType "swiss"]
[EventRounds "9"]
[EventCountry "POL"]
[SourceTitle "CBM 212 Extra"]
[Source "ChessBase"]
[SourceDate "2023.03.31"]
[SourceVersion "1"]
[SourceVersionDate "2023.03.31"]
[SourceQuality "1"]

1. e4 c5 2. Nf3 Nc6 3. d4 cxd4 4. Nxd4 e5 5. Nb5 d6 6. a4 Be6 7. N1c3 a6 8. Na3 Rc8 9. Bc4 Nf6 10. Bg5 Nd4 11. Nd5 Bxd5 12. Bxd5 Qa5+ 13. c3 Nxd5 14. exd5 Nf5 15. 0-0 Ne7 16. c4 Ng6 17. Rb1 h6 18. b4 Qc7 19. Be3 Be7 20. a5 0-0 21. Bb6 Qd7 22. b5 axb5 23. cxb5 Ra8 24. Qa4 Nf4 25. Qe4 Qg4 26. Rb4 f5 27. Qf3 Ne2+ 28. Kh1 Qxb4 29. Nc2 Qxb5 30. Re1 Nf4 31. Be3 Nd3 32. Re2 Qb1+ 0-1

[Event "Poronin op"]
[Site "Poronin"]
[Date "2023.01.06"]
[Round "1"]
[White "Bastrzyk, Kinga"]
[Black "Bandyk, Wladyslaw"]
[Result "0-1"]
[WhiteElo "1145"]
[BlackElo "1442"]
[PlyCount "166"]
[EventDate "2023.01.06"]
[EventType "swiss"]
[EventRounds "9"]
[EventCountry "POL"]
[SourceTitle "CBM 212 Extra"]
[Source "ChessBase"]
[SourceDate "2023.03.31"]
[SourceVersion "1"]
[SourceVersionDate "2023.03.31"]
[SourceQuality "1"]

1. e4 c5 2. Nf3 d6 3. c3 Nf6 4. Be2 Nc6 5. d4 e6 6. Qc2 Be7 7. 0-0 Bd7 8. Rd1 Rc8 9. d5 exd5 10. exd5 Nb8 11. c4 Na6 12. a3 Nc7 13. Nc3 a6 14. Bf4 0-0 15. h3 b5 16. b3 Nh5 17. Be3 g6 18. g4 Ng7 19. Rab1 f5 20. Nh2 Bf6 21. Bf4 fxg4 22. Bxd6 Bf5 23. Bxc7 Qxc7 24. Bd3 g3 25. Bxf5 gxh2+ 26. Kh1 Nxf5 27. Ne4 Nd4 28. Nxf6+ Rxf6 29. Qd2 Rcf8 30. Rf1 Qe5 31. f4 Qe4+ 32. Qg2 Qxg2+ 33. Kxg2 bxc4 34. bxc4 Nc2 35. Kxh2 Nxa3 36. Rbc1 Rxf4 37. Rfd1 Rxc4 38. Ra1 Rc3 39. d6 Rd8 40. h4 Kf7 41. Kg1 Ke6 42. Ra2 Rxd6 43. Rda1 Rdd3 44. Re2+ Re3 45. Rf2 Rg3+ 46. Kf1 Rgf3 47. Re1+ Kf5 48. Ree2 Kg4 49. Rxf3 Rxf3+ 50. Kg2 Nc4 51. Re4+ Rf4 52. Re2 a5 53. Rc2 Rd4 54. Rc3 a4 55. Rg3+ Kf4 56. Rf3+ Ke4 57. Kg3 h5 58. Rf4+ Ke5 59. Rf8 Nd6 60. Ra8 Nf5+ 61. Kf2 Kf4 62. Ke2 Ng3+ 63. Kf2 Rd2+ 64. Ke1 Ra2 65. Kd1 Ke3 66. Rd8 Ne4 67. Kc1 a3 68. Kb1 Rd2 69. Ra8 Rd1+ 70. Kc2 Rd2+ 71. Kb1 Rd3 72. Kc2 c4 73. Kc1 Rb3 74. Kc2 Rb2+ 75. Kc1 Nc3 76. Re8+ Kd4 77. Rd8+ Nd5 78. Ra8 Rb3 79. Kc2 Nb4+ 80. Kc1 a2 81. Kd2 c3+ 82. Ke2 c2 83. Rd8+ Nd5 0-1